header

The war for independence and the transformation of American society (Record no. 46719)

MARC details
000 -LEADER
fixed length control field 01385nam a2200361Ia 4500
082 04 - DEWEY DECIMAL CLASSIFICATION NUMBER
Classification number 973.3/1
100 1# - MAIN ENTRY--AUTHOR NAME
Personal name Ward, Harry M.
245 14 - TITLE STATEMENT
Title The war for independence and the transformation of American society
260 ## - PUBLICATION, DISTRIBUTION, ETC. (IMPRINT)
Place of publication London :
Name of publisher UCL Press,
Year of publication 1999.
300 ## - PHYSICAL DESCRIPTION
Number of Pages x, 310 p. :
Other physical details ill.
490 1# - SERIES STATEMENT
Series statement Warfare and history
856 40 - ELECTRONIC LOCATION AND ACCESS
Uniform Resource Identifier http://site.ebrary.com/lib/rucke/Doc?id=10061159

No items available.

© 2026 Rongo University
Contact us: librarian | system librarian | Rongo university